El último día (Record no. 31733)

MARC details
000 -LEADER
campo de control de longitud fija 00552nam a2200193 i 4500
001 - NÚMERO DE CONTROL
campo de control 31733
003 - IDENTIFICADOR DE NÚMERO DE CONTROL
campo de control ES-MaACL
007 - CAMPO FIJO DE DESCRIPCIÓN FÍSICA--INFORMACIÓN GENERAL
campo de control de longitud fija t|
008 - DATOS DE LONGITUD FIJA--INFORMACIÓN GENERAL
campo de control de longitud fija 030130s1955 sp ||||1| spa d
100 1# - ENTRADA PRINCIPAL--NOMBRE DE PERSONA
Nombre de persona Baum, Vicki.
9 (RLIN) 26577
245 13 - MENCIÓN DEL TÍTULO
Título El último día
Resto del título : novela /
Mención de responsabilidad, etc. Vicki Baum ; [versión española de Martín Rivas].
260 ## - PUBLICACIÓN, DISTRIBUCIÓN, ETC.
Lugar de publicación, distribución, etc. Barcelona :
Nombre del editor, distribuidor, etc. Planeta,
Fecha de publicación, distribución, etc. [1955] (
Fabricante Ampurias)
300 ## - DESCRIPCIÓN FÍSICA
Extensión 285 p. ;
Dimensiones 19 cm.
490 1# - MENCIÓN DE SERIE
Mención de serie Luyve
700 1# - ENTRADA AGREGADA--NOMBRE PERSONAL
Nombre de persona Rivas, Martín.
9 (RLIN) 97564
830 0# - PUNTO DE ACCESO ADICIONAL DE SERIE-TÍTULO UNIFORME
Título uniforme Luyve
9 (RLIN) 181395
852 ## - LOCALIZACIÓN
Ubicación ES-MaACL
Número de control de estantería C-9289
Sublocalización o colección R.37247
Holdings
Estatus retirado Estado de pérdida Estado de daño No para préstamo Biblioteca de origen Biblioteca actual Ubicación en estantería Fecha de adquisición Fuente de adquisición Total de préstamos Signatura topográfica completa Código de barras Visto por última vez Precio de reemplazo Tipo de ítem Koha
        Biblioteca del Ateneo de Madrid Biblioteca del Ateneo de Madrid Sala Palomar 17/01/2008     C-9289 1032809 23/02/2023 23/02/2023 Libro impreso